Online
Catalog

Informe de gestión anual 2013 / (Record no. 51676)

MARC details
000 -CABECERA
campo de control de longitud fija 01487nam a2200265 a 4500
003 - IDENTIFICADOR DEL NÚMERO DE CONTROL
campo de control DO-SdBNP
005 - FECHA Y HORA DE LA ÚLTIMA TRANSACCIÓN
campo de control 20260205110706.0
007 - CAMPO FIJO DE DESCRIPCIÓN FÍSICA--INFORMACIÓN GENERAL
campo de control de longitud fija ta
008 - DATOS DE LONGITUD FIJA--INFORMACIÓN GENERAL
campo de control de longitud fija 220509e2013 dr aoo|ert||| 001 0 spa d
040 ## - FUENTE DE LA CATALOGACIÓN
Centro catalogador/agencia de origen DO-SdBNP
Lengua de catalogación spa
Centro/agencia transcriptor BNPHU
082 #4 - NÚMERO DE LA CLASIFICACIÓN DECIMAL DEWEY
Número de edición 4
Número de documento/Ítem I43g
245 00 - MENCIÓN DE TÍTULO
Título Informe de gestión anual 2013 /
Mención de responsabilidad, etc. Prólogo, Manuel A. Grullón, Fotografías, Luis Nova, Jochy Fersobe.
260 ## - PUBLICACIÓN, DISTRIBUCIÓN, ETC.
Lugar de publicación, distribución, etc. Santo Domingo :
Nombre del editor, distribuidor, etc. Banco Popular, República Dominicana,
Fecha de publicación, distribución, etc. 2013
300 ## - DESCRIPCIÓN FÍSICA
Extensión 195 p. :
Otras características físicas il., fotogr. ;
Dimensiones 29 cm.
500 ## - NOTA GENERAL
Nota general Incluye Directorio de oficinas, p. 190- 192.
505 ## - NOTA DE CONTENIDO CON FORMATO
Título Indicadores financieros.--
-- Carta del Presidente.--
-- Informe del consejo de Administración.--
-- Semblanza Alejandro E. Grullón E.--
-- Semblanza Alejandro Grullón.--
-- Semblanza Pedro A. Rodríguez.--
-- Semblanza Manuel A. Grullón, J. Amado Bermúdez Pippa, Consejero Emérito de Banco Popular, S. A.--
-- Productos y servicios.--
-- Una empresa de valor social permantente.--
-- Estados financieros.--
-- Miembros del Consejo de Administración.--
-- Comités del Consejo de Administración.--
-- Principales funcionarios.--
-- Directorio de oficinas.
610 ## - PUNTO DE ACCESO ADICIONAL DE MATERIA--NOMBRE DE ENTIDAD CORPORATIVA
Nombre de entidad corporativa o nombre de jurisdicción como elemento de entrada Banco Popular de la República Dominicana
Subdivisión general Informes Técnicos
9 (RLIN) 81573
650 #0 - PUNTO DE ACCESO ADICIONAL DE MATERIA--TÉRMINO DE MATERIA
Término de materia o nombre geográfico como elemento de entrada Informes técnicos
Subdivisión general Redacción
9 (RLIN) 7867
700 1# - PUNTO DE ACCESO ADICIONAL--NOMBRE DE PERSONA
Nombre de persona Grullón, Manuel A.
Término indicativo de función/relación pról.
9 (RLIN) 73783
700 1# - PUNTO DE ACCESO ADICIONAL--NOMBRE DE PERSONA
Nombre de persona Nova, Luis
Término indicativo de función/relación fotogr.
9 (RLIN) 36995
700 1# - PUNTO DE ACCESO ADICIONAL--NOMBRE DE PERSONA
Nombre de persona Fersobe, Jochy
Término indicativo de función/relación fotogr.
9 (RLIN) 73769
710 1# - PUNTO DE ACCESO ADICIONAL--NOMBRE DE ENTIDAD CORPORATIVA
Nombre de entidad corporativa o nombre de jurisdicción como elemento de entrada Banco Popular de la República Dominicana
9 (RLIN) 7760
910 ## - DATOS DE OPCIÓN DEL USUARIO (OCLC)
Datos de opción del usuario MFeliz
942 ## - ELEMENTOS DE PUNTO DE ACCESO ADICIONAL (KOHA)
Fuente del sistema de clasificación o colocación Dewey Decimal Classification
Tipo de ítem Koha Libro
Holdings
Estado de retiro Estado de pérdida Fuente del sistema de clasificación o colocación Restricciones de uso No para préstamo Código de colección Localización permanente Ubicación/localización actual Ubicación en estantería Fecha de adquisición Fuente de adquisición Total de préstamos Signatura topográfica completa Código de barras Fecha visto por última vez Precio válido a partir de Tipo de ítem Koha
    Dewey Decimal Classification Excluido de préstamo   Patrimonio Dominicano Biblioteca Nacional Pedro Henríquez Ureña Biblioteca Nacional Pedro Henríquez Ureña Depósito 02.11.2021 Donado por Wilfredo Alemani   I43g 2022-1907 09.05.2022 09.05.2022 Libro

Powered by Koha